header

To the digital age (Record no. 25182)

MARC details
000 -LEADER
fixed length control field 01412nam a2200337Ia 4500
082 04 - DEWEY DECIMAL CLASSIFICATION NUMBER
Classification number 621.39/732/09
100 1# - MAIN ENTRY--AUTHOR NAME
Personal name Bassett, Ross Knox,
245 10 - TITLE STATEMENT
Title To the digital age
260 ## - PUBLICATION, DISTRIBUTION, ETC. (IMPRINT)
Place of publication Baltimore :
Name of publisher Johns Hopkins University Press,
Year of publication 2002.
300 ## - PHYSICAL DESCRIPTION
Number of Pages xii, 421 p. :
Other physical details ill.
490 1# - SERIES STATEMENT
Series statement Johns Hopkins studies in the history of technology
650 #0 - SUBJECT ADDED ENTRY--TOPICAL TERM
Topical Term Metal oxide semiconductors
Topical Term Electronics
856 40 - ELECTRONIC LOCATION AND ACCESS
Uniform Resource Identifier http://site.ebrary.com/lib/rucke/Doc?id=10021654

No items available.

© 2026 Rongo University
Contact us: librarian | system librarian | Rongo university